00717 a2200205 4500260001000000630003900010650002700049100002500076260007000101245013100171300001000302650003600312260000900348300000900357100000700366037001200373020001900385999001700404952009000421 aParis a33 - Economie - Economie politique a3 - SCIENCES SOCIALES  aRaots, Rutherford M. bOrganisation de coopération et de développement économiques aCoopération pour le développement : efforts et politiques poursuivis par les membres du Comité d'aide au développement a291p. aDéveloppement : coopération c1984 b24cm lFr aDE 2445 a292-64-22649-4 c44140d44140 00104070aBUACbBUACd2009-02-28l0o334 ORGr2009-02-28 00:00:00w2009-02-28yLIVR